000 00860nam a2200253Ia 4500
003 OSt
005 20220925230906.0
006 a|||||r|||| 00| 0
007 ta
008 220923b |||||||| |||| 00| 0 eng d
020 _a9781412938754
_c2757.5700000000002
037 _bBBS/63, 25/10/2012, Better Book Service
_cGeneral Book
040 _aRTL
_cRTL
_beng
041 _2eng
_aeng
082 _aX:87:(R4), Q3
100 _aLAWRENCE Joanne T.
_9294504
245 0 _aGlobally responsible leadership
_b Managing according to the UN global compact
260 _aLos
_bAngeles Sage.
_c2013
300 _axxiv,550p.
_ccm.
650 _aCommerce
700 _a BEAMISH Paul W.
_9291114
942 _hX:87:(R4), Q3
_cGB
_2CC
999 _c586755
_d586755